Statistics for Islands >= 200 km2 on the Map of Europe

Click here to take the quiz!

General Stats

  • This quiz has been taken 268 times
  • The average score is 40 of 131

Answers on the Map

Answers color-coded by a green-red scale on the quiz's map according to % correct below.
Loading ...
 

Answer Stats

#AreaCIsland% Correct
1229,848๐Ÿ‡ฌ๐Ÿ‡งGreat Britain
98%
384,421๐Ÿ‡ฎ๐Ÿ‡ช ๐Ÿ‡ฌ๐Ÿ‡งIreland
98%
2101,826๐Ÿ‡ฎ๐Ÿ‡ธIceland
98%
725,662๐Ÿ‡ฎ๐Ÿ‡นSicily
97%
109,251๐Ÿ‡จ๐Ÿ‡พCyprus
96%
823,949๐Ÿ‡ฎ๐Ÿ‡นSardinia
96%
118,741๐Ÿ‡ซ๐Ÿ‡ทCorsica
96%
128,312๐Ÿ‡ฌ๐Ÿ‡ทCrete
93%
173,640๐Ÿ‡ช๐Ÿ‡ธMallorca
88%
64571๐Ÿ‡ช๐Ÿ‡ธIbiza
79%
137,180๐Ÿ‡ฉ๐Ÿ‡ฐZealand
78%
53694๐Ÿ‡ช๐Ÿ‡ธMenorca
77%
63572๐Ÿ‡ฎ๐Ÿ‡ฒIsle of Man
76%
321,398๐Ÿ‡ฌ๐Ÿ‡ทRhodes
75%
291,630๐Ÿ‡ฌ๐Ÿ‡ทLesbos
73%
40969๐Ÿ‡ฌ๐Ÿ‡งMainland (Shetland)
65%
202,994๐Ÿ‡ธ๐Ÿ‡ชGotland
65%
122246๐Ÿ‡ฒ๐Ÿ‡นMalta
61%
537,673๐Ÿ‡ธ๐Ÿ‡ฏSpitsbergen
59%
54685๐Ÿ‡ฆ๐Ÿ‡ฝFasta ร…land
59%
68523๐Ÿ‡ฌ๐Ÿ‡งMainland (Orkney)
56%
88381๐Ÿ‡ฌ๐Ÿ‡งWight
55%
93374๐Ÿ‡ซ๐Ÿ‡ดStreymoy
54%
60592๐Ÿ‡ฌ๐Ÿ‡ทCorfu
54%
163,655๐Ÿ‡ฌ๐Ÿ‡ทEuboea
53%
262,179๐Ÿ‡ฌ๐Ÿ‡งLewis and Harris
53%
85406๐Ÿ‡ญ๐Ÿ‡ทKrk
49%
271,656๐Ÿ‡ฌ๐Ÿ‡งSkye
49%
61588๐Ÿ‡ฉ๐Ÿ‡ฐBornholm
45%
447,079๐Ÿ‡ท๐Ÿ‡บSeverny
44%
109290๐Ÿ‡ฌ๐Ÿ‡ทKos
44%
154,685๐Ÿ‡ฉ๐Ÿ‡ฐNorth Jutlandic
44%
50741๐Ÿ‡ต๐Ÿ‡นMadeira
43%
633,246๐Ÿ‡ท๐Ÿ‡บYuzhny
42%
52714๐Ÿ‡ฌ๐Ÿ‡งAnglesey
39%
212,984๐Ÿ‡ฉ๐Ÿ‡ฐFunen
37%
47781๐Ÿ‡ฌ๐Ÿ‡ทKefalonia
35%
42926๐Ÿ‡ฉ๐Ÿ‡ชRรผgen
35%
89380๐Ÿ‡ธ๐Ÿ‡ฏJan Mayen
35%
232,672๐Ÿ‡ช๐Ÿ‡ชSaaremaa
35%
43875๐Ÿ‡ฌ๐Ÿ‡งMull
33%
81428๐Ÿ‡ฌ๐Ÿ‡ทNaxos
33%
914,443๐Ÿ‡ธ๐Ÿ‡ฏNordaustlandet
32%
83406๐Ÿ‡ฌ๐Ÿ‡ทZakynthos
32%
73476๐Ÿ‡ฌ๐Ÿ‡ทSamos
32%
331,347๐Ÿ‡ธ๐Ÿ‡ชร–land
32%
129224๐Ÿ‡ฎ๐Ÿ‡นElba
32%
103320๐Ÿ‡ฌ๐Ÿ‡งSouth Uist
29%
45842๐Ÿ‡ฌ๐Ÿ‡ทChios
29%
57620๐Ÿ‡ฌ๐Ÿ‡งIslay
29%
105303๐Ÿ‡ฌ๐Ÿ‡งNorth Uist
29%
80432๐Ÿ‡ฌ๐Ÿ‡งArran
28%
74476๐Ÿ‡ฌ๐Ÿ‡ทLemnos
28%
351,243๐Ÿ‡ฉ๐Ÿ‡ฐLolland
27%
39989๐Ÿ‡ช๐Ÿ‡ชHiiumaa
26%
96367๐Ÿ‡ฌ๐Ÿ‡งJura
25%
107300๐Ÿ‡ญ๐Ÿ‡ทHvar
24%
90380๐Ÿ‡ฌ๐Ÿ‡ทAndros
24%
91379๐Ÿ‡ฌ๐Ÿ‡ทThasos
23%
145,074๐Ÿ‡ธ๐Ÿ‡ฏEdge
23%
131212๐Ÿ‡ฌ๐Ÿ‡งYell
22%
78445๐Ÿ‡ฉ๐Ÿ‡ช ๐Ÿ‡ต๐Ÿ‡ฑUsedom
22%
117276๐Ÿ‡ญ๐Ÿ‡ทKorฤula
22%
104303๐Ÿ‡ฌ๐Ÿ‡ทLefkada
22%
84406๐Ÿ‡ญ๐Ÿ‡ทCres
20%
341,288๐Ÿ‡ธ๐Ÿ‡ฏBarents
19%
87395๐Ÿ‡ญ๐Ÿ‡ทBraฤ
19%
106301๐Ÿ‡ฌ๐Ÿ‡ทKarpathos
18%
301,586๐Ÿ‡ณ๐Ÿ‡ดSenja
18%
70514๐Ÿ‡ฉ๐Ÿ‡ฐFalster
18%
222,821๐Ÿ‡ท๐Ÿ‡บZemlya Georga
17%
371,095๐Ÿ‡ท๐Ÿ‡บAlexandra
17%
55682๐Ÿ‡ธ๐Ÿ‡ฏKvitรธya
17%
252,198๐Ÿ‡ณ๐Ÿ‡ดHinnรธya
16%
311,557๐Ÿ‡ท๐Ÿ‡บGraham Bell
16%
193,329๐Ÿ‡ท๐Ÿ‡บVaygach
16%
381,049๐Ÿ‡ท๐Ÿ‡บGallya
16%
242,203๐Ÿ‡ท๐Ÿ‡บWilczek Land
16%
128226๐Ÿ‡ฉ๐Ÿ‡ฐMรธn
16%
183,497๐Ÿ‡ท๐Ÿ‡บKolguyev
16%
48759๐Ÿ‡ต๐Ÿ‡นSรฃo Miguel
16%
51737๐Ÿ‡ณ๐Ÿ‡ดKvalรธya
15%
99336๐Ÿ‡ณ๐Ÿ‡ดKvalรธya
15%
44850๐Ÿ‡ณ๐Ÿ‡ดLangรธya
15%
86403๐Ÿ‡ต๐Ÿ‡นTerceira
15%
77446๐Ÿ‡ต๐Ÿ‡นPico
15%
113285๐Ÿ‡ญ๐Ÿ‡ทPag
14%
102321๐Ÿ‡ฉ๐Ÿ‡ฐAls
14%
115279๐Ÿ‡น๐Ÿ‡ทGรถkรงeada
14%
114284๐Ÿ‡ฉ๐Ÿ‡ฐLangeland
14%
41960๐Ÿ‡ท๐Ÿ‡บSalisbury
14%
132209๐Ÿ‡ฌ๐Ÿ‡ทSkyros
14%
95368๐Ÿ‡ฉ๐Ÿ‡ฐMors
13%
75460๐Ÿ‡ท๐Ÿ‡บHooker
13%
108296๐Ÿ‡ท๐Ÿ‡บRudolf
13%
112286๐Ÿ‡ซ๐Ÿ‡ดEysturoy
13%
98344๐Ÿ‡ท๐Ÿ‡บSalm
12%
67524๐Ÿ‡ซ๐Ÿ‡ฎKimitoรถn
12%
111288๐Ÿ‡ท๐Ÿ‡บYeva-Liv
11%
92374๐Ÿ‡ท๐Ÿ‡บChamp
11%
119265๐Ÿ‡ต๐Ÿ‡ฑWolin
11%
46811๐Ÿ‡ณ๐Ÿ‡ดSรธrรธya
11%
69521๐Ÿ‡ท๐Ÿ‡บJackson
11%
123246๐Ÿ‡ต๐Ÿ‡นSรฃo Jorge
11%
97346๐Ÿ‡ธ๐Ÿ‡ชOrust
11%
72478๐Ÿ‡ท๐Ÿ‡บLa Ronciere
10%
120255๐Ÿ‡ฌ๐Ÿ‡ทIcaria
10%
100329๐Ÿ‡ท๐Ÿ‡บKarl-Alexander
10%
58615๐Ÿ‡ธ๐Ÿ‡ฏPrins Karls Forland
10%
59612๐Ÿ‡ท๐Ÿ‡บMacKlintok
10%
82411๐Ÿ‡ณ๐Ÿ‡ดVestvรฅgรธy
10%
125237๐Ÿ‡ท๐Ÿ‡บWiener Neustadt
10%
121246๐Ÿ‡ท๐Ÿ‡บSolovetsky
9%
118276๐Ÿ‡ณ๐Ÿ‡ดArnรธya
9%
79437๐Ÿ‡ณ๐Ÿ‡ดMagerรธya
9%
116278๐Ÿ‡ฌ๐Ÿ‡ทKythira
9%
110289๐Ÿ‡ท๐Ÿ‡บNorthbrook
9%
76448๐Ÿ‡ท๐Ÿ‡บZiegler
9%
71489๐Ÿ‡ณ๐Ÿ‡ดAndรธya
9%
66527๐Ÿ‡ณ๐Ÿ‡ดAustvรฅgรธy
9%
65559๐Ÿ‡ณ๐Ÿ‡ดSeiland
9%
101329๐Ÿ‡ณ๐Ÿ‡ดOsterรธy
8%
127231๐Ÿ‡ณ๐Ÿ‡ดStjernรธya
8%
62572๐Ÿ‡ณ๐Ÿ‡ดHitra
8%
133206๐Ÿ‡ช๐Ÿ‡ชMuhu
8%
124241๐Ÿ‡ณ๐Ÿ‡ดStord
7%
130218๐Ÿ‡ณ๐Ÿ‡ดSmรธla
7%
94371๐Ÿ‡ท๐Ÿ‡บLuigi
6%
126232๐Ÿ‡ณ๐Ÿ‡ดVanna
6%
56656๐Ÿ‡ณ๐Ÿ‡ดRingvassรธy
6%
49748๐Ÿ‡ท๐Ÿ‡บMezhdusharskiy
4%

Score Distribution

Percentile by Number Answered

Percent of People with Each Score

Your Score History

You have not taken this quiz